000 00314 a2200145 4500
001 176035
020 _a
040 _cMagnum
100 _aPro-Reitoria de Extensao da Puc-Mg
240 1 0 _aExtensao, v.3, n.1
_lpor
245 1 0 _aExtensao, v.3, n.1
362 0 _a1899
697 _aMAGNITO: GERAL
942 _cBK
999 _c176035
_d176035